000 00705nam a2200289Ia 4500
005 20260324143554.0
008 008 260324s9999 xx 000 0 eng d
020 _a9781315488172
037 _aEBOOK
040 _aCRL
040 _beng
040 _cCRL
041 _2eng
041 _aeng
084 _qCRL
100 _aJay D White
_91183553
245 4 _aThe Chinese State in the Era of Economic Reform : the Road to Crisis
245 0 _bAsia and the Pacific
260 _bTaylor and Francis
260 _c1991
365 _a
365 _b290
856 _uhttp://www.taylorfrancis.com/books/9781315488172
942 _cEBOOK
999 _c1821686
_d1821686